LEADER 01459nam a2200325 u 4500 001 000000038050 003 CaOOAMICUS 005 20070226113832.0 008 980420s1985 it u000 u ita u 035 $a10791146 040 $aPUL(R)$bita 245 00$aMatrimonio canonico fra tradizione e rinnovamento /$cJ. M. Serrano Ruiz ... [et al.]. 260 $aBologna :$bEDB,$c1985. 300 $a297 p. ;$c21 cm 490 1 $aIl codice del Vaticano II 504 $aBibliografia: p. 289-290. 650 4$aMatrimonio (diritto canonico).$0(OLS)http://pul/subject/475 700 1 $aSerrano Ruiz, José María.$0(OLS)http://pul/name/28468 830 3$aIl codice del Vaticano II.$0(OLS)http://pul/title/48611 850 $aPUL 852 $aPUL$W1$xSL Diritto Canonico 1$y5$m152 B 118$j51914$nBK-PRI$b $qStampati$B51914$CPULBib$Z2$F51914 $H $81 852 $aPUL$W1$xSL Diritto Canonico 1$y5$m152 C 2$j51915$nBK-PRI$b $qStampati$B51915$CPULBib$Z2$F51915 $81 852 $aPUL$W1$xDP1 Fondo G. Barberini$y122$m3 C 53$j115741$nBK-PRI$b 3 copia$qFondi$B178840$CPULBib$Z2$F178840 $HBar662 $81 941 1 $a1 941 1 $a8 960 $aDiritto matrimoniale canonico$9475 961 $aINV: 53833 961 $aINV: 53462 996 $6245$aMatrimonio canonico fra tradizione e rinnovamento$9(OLS)http://pul/title/51729 996 $6260$aBologna :$bEDB$9(OLS)http://pul/publisher/56073 LEADER 02541nam a2200397 a 4500 001 000000117235 003 CaOOAMICUS 005 20091001152041.0 008 091001s1521 it u001 u lat r 040 $aPUL$bita$dmdb 041 0 $alat$hgrc 100 0 $aPolybius,$dc. 205-c. 120 a.C.$0(OLS)http://pul/name/3655 240 10$aHistoriae$lLatino.$0(OLS)http://pul/title/147506 245 10$aPolybii Historiarum libri quinque in latiam [sic] conversi linguam, Nicolao Perotto interprete. 246 30$aHistoriarum libri quinque 246 33$aPolybii Historiarum libri quinque in latinam conversi linguam, Nicolao Perotto interprete 260 $e(Venetiis :$fin aedibus Aldi, et Andreae soceri,$gmense martio 1521) 300 $aC. 69-310 ;$c8° (16 cm) 500 $aIniziali bianche con lettere d'attesa 500 $aSegnatura: kkkk-zzzz8 Aa-Qq8 Rr4 500 $aMarca tip. sul coloph. (K175-V395-Z39) 500 $aNumerazione continua dall'opera di Florio: "Rerum ab Urbe condita". 500 $aRegistro sul coloph. 662 $aItalia$dVenezia.$0(OLS)http://pul/subject/34951 700 1 $aPerotti, Niccolò,$carciv. di Siponto,$d1429-1480$4trl.$0(OLS)http://pul/name/73058 710 0 $aManuzio, Aldo, eredi; Torresano, Andrea, eredi$4pbl.$0(OLS)http://pul/name/70693 777 0 $aFlorus, Lucius Annius, storico, sec. II.$tTiti Livii patavini librorum Epitomae.$w()117225 777 0 $aFlorus, Lucius Annius, storico, sec. II.$tLucii Flori Rerum ab Urbe condita.$w()117231 850 $aPUL 852 $aPUL$W1$xDP1 Antico 500$y12$m102 E 22 int.3$j134481$qStampati Antico$B133457$CPULBib$Z2$F133457 $82 941 1 $a15 961 $aPrecedente collocazione: P IX 34.Ex libris sulla c. di controguardia ant.: "Camillo Pualano" (depennata) e "Iacopo Magnani".Prove di penna sulla c. di guardia ant.Nota ms. sul front.: "Dominicus Iacobarius".Note mss. all'interno del testo.Stato di conservazione: legatura da restaurare.L'opera è state rilegata in modo errato: gli "Histoirarum libri quinque" di Polibio precedono le opere di Florio: "Librorum Epitomae" e "Rerum ab Urbe condita". 996 $6246$aHistoriarum libri quinque$9(OLS)http://pul/title/147508 996 $6246$aPolybii Historiarum libri quinque in latinam conversi linguam, Nicolao Perotto interprete$9(OLS)http://pul/title/147509 996 $6245$aPolybii Historiarum libri quinque in latiam [sic] conversi linguam, Nicolao Perotto interprete$9(OLS)http://pul/title/147507 996 $6260$a[S.l.] :$b[s.n.]$9(OLS)http://pul/publisher/0